|
|
|
|
| LEADER |
00657nab a2200181 i 4500 |
| 001 |
acta14008 |
| 005 |
20210412082903.0 |
| 008 |
161015s1963 hu o 0|| eng d |
| 022 |
|
|
|a 0001-6969
|
| 040 |
|
|
|a SZTE Egyetemi Kiadványok Repozitórium
|b hun
|
| 041 |
|
|
|a eng
|
| 100 |
1 |
|
|a Fodor György
|
| 245 |
1 |
3 |
|a An application of the theory of regressive functions
|h [elektronikus dokumentum] /
|c Fodor György
|
| 260 |
|
|
|c 1963
|
| 300 |
|
|
|a 255-257
|
| 490 |
0 |
|
|a Acta scientiarum mathematicarum
|v 24 No. 3-4
|
| 695 |
|
|
|a Természettudomány, Matematika, Művelődés
|
| 856 |
4 |
0 |
|u http://acta.bibl.u-szeged.hu/14008/1/math_024_fasc_003_004_255-257.pdf
|z Dokumentum-elérés
|